LEADER 01041nam a2200193 i 4500 001 000000242366 003 CaOOAMICUS 005 20150604000000.0 008 150604s1781 it u000 u ita u 013 $a221271 026 $an-n- 7.t- loi. cime (3) 1781 (R) 040 $aSeMil$bita 245 13$aLa tradizione difesa, circa la materia della comunione sotto una specie, contra le risposte di due autori protestanti. 300 $aVIII, 544 p. 500 $aSegn. : a4 A-2L8. 773 0 $aBossuet, Jacques-Bénigne $tOpere di monsignor Jacopo-Benigno Bossuet, vescovo di Meaux, consigliere del re ne' suoi consigli, ... Tomo 1. [-36.].$dIn Napoli : nella Stamperia de' Fratelli di Paci : a spese di Andrea Migliaccio,, 1777-1784.$gTomo26$w()31977 850 $aSeMil 852 $aSeMil$W1$xVenegono$y1$m3F III 56 FA$j192712$B192712$CSeMilBibl$Z2$F203514 $8I 996 $6245$aLa tradizione difesa, circa la materia della comunione sotto una specie, contra le risposte di due autori protestanti$9(OLS)http://semarc/title/344155 LEADER 00614nam a2200181 i 4500 001 000000043279 003 CaOOAMICUS 005 20060717000000.0 008 060717s1992 it u000 u ita u 013 $a14449 040 $aSeMil$bita 245 10$a[Volume 1]. 300 $aX, 371 c., [1] p. di ritratto. 773 0 $aAlbizzati, Luisa Maria$tBiografia politica di Giuseppe Zola.$d[S.l. : s.n.], 1992.$w()16055 850 $aSeMil 852 $aSeMil$W1$xVenegono$y1$m4X II 10$j9434$B9434$CSeMilBibl$Z2$F9434 $8L 961 $aOmaggio: Rimoldi mons. Antonio 996 $6245$a[Volume 1]$9(OLS)http://semarc/title/52763 LEADER 00710nam a2200181 i 4500 001 000000208877 003 CaOOAMICUS 005 20111129000000.0 008 111129s1834 fr u000 u fre u 013 $a187665 040 $aSeMil$bita 100 1 $aMezières, Marie Louis <1793-1872>.$0(OLS)http://semarc/name/11527 245 10$aTome 3. 300 $a411 p. 773 0 $aMezières, Marie Louis <1793-1872>$tHistoire critique de la littérature anglaise, depuis Bacon jusqu'au commencement du dix-neuvième siècle.$dParis : Baudry, 1834$g3$w()25923 850 $aSeMil 852 $aSeMil$W1$xVenegono$y1$m1V V 30 FA$j159331$B159331$CSeMilBibl$Z2$F170422 $8I 996 $6245$aTome 3$9(OLS)http://semarc/title/1575